[Event "Benidorm Bali op-B 20th"]
[Site "Benidorm"]
[Date "2023.12.01"]
[Round "1"]
[White "Butragueno Nieto, Jorge"]
[Black "Vladut, Matei"]
[Result "0-1"]
[WhiteElo "1636"]
[BlackElo "1989"]
[PlyCount "126"]
[EventDate "2023.12.01"]
[EventType "swiss"]
[EventRounds "9"]
[EventCountry "ESP"]
[SourceTitle "CB51_2023"]
[SourceDate "2023.12.20"]
[SourceVersion "1"]
[SourceVersionDate "2023.12.20"]
[SourceQuality "1"]

1. d4 c5 2. d5 g6 3. c4 Bg7 4. Nc3 Bxc3+ 5. bxc3 f5 6. Nf3 Nf6 7. Bh6 Ne4 8. Qc2 Qa5 9. Rc1 d6 10. e3 Nd7 11. Bd3 Ndf6 12. h3 Bd7 13. Nd2 Nxd2 14. Qxd2 0-0-0 15. Bg7 Rhg8 16. Bxf6 exf6 17. 0-0 h5 18. Qc2 h4 19. a4 Rde8 20. Rb1 Kc7 21. Rb2 Re5 22. Rfb1 Rb8 23. Ra2 Re7 24. Rab2 Kc8 25. Ra2 Rg7 26. Kh1 Re7 27. Kg1 Rg7 28. Kh1 Qd8 29. a5 Qe7 30. Rab2 Qe5 31. Qd2 Kc7 32. Bc2 Qe8 33. f3 Re7 34. e4 fxe4 35. Bxe4 g5 36. Qf2 f5 37. Bd3 Qh8 38. Qd2 g4 39. f4 gxh3 40. gxh3 Rg7 41. Bf1 Rg3 42. Rb3 Qg7 43. Bg2 Ba4 44. Ra3 Rg8 45. Ra2 Bd7 46. Rab2 Bc8 47. Re1 Qf6 48. Re3 Rxg2 49. Qxg2 Rxg2 50. Rxg2 Qf7 51. Rge2 Kd8 52. Re1 Bd7 53. Rb1 Kc8 54. Rbe1 Qf6 55. Rg1 Qf7 56. Re2 b5 57. cxb5 Qxd5+ 58. Kh2 Bxb5 59. c4 Qxc4 60. Reg2 Qxf4+ 61. Kh1 Bc6 62. a6 Qg3 63. Rf1 Qxg2# 0-1